000 00427nam a2200181Ia 4500
001 10625
005 20260306161846.0
008 260306t2012||||xx |||||||||||||| ||spa||
041 _aESP
082 _a945.091
_bL94
100 _aLozano, Álvaro
_eAUT
245 0 _aMussolini y el fascismo italiano
260 _c2012
300 _a611 páginas :
_c22 cm.
650 _aGEN
654 _aCHU
942 _cLIB
_dJUS
_fJUS
_2ddc
_n
999 _c10625
_d10625